| 000 | 00404pab a2200145 454500 | ||
|---|---|---|---|
| 008 | 180718b1983 xxu||||| |||| 00| 0 eng d | ||
| 100 | _aUbogu, Roland E | ||
| 245 |
_aThe political economy of government expenditure in Nigeria _bAn econometric analysis |
||
| 260 | _c1983 | ||
| 300 | _a173-95 | ||
| 362 | _aJune | ||
| 650 | _aExpenditures, Government - Nigeria | ||
| 773 | _aArtha Vijnana | ||
| 909 | _a7952 | ||
| 999 |
_c7952 _d7952 |
||